000 01732nam0a2200385 4500
001 RU\NLR\BIBL_A\012605647
005 20211201160918.0
010 _a978-5-907361-19-5
_9550
021 _aRU
_bКН-П-21-034537
_9КН-П-21-2700
035 _a(NLR Aleph) 012605647
090 _a12594899
_c12594899
100 _a20210929d2021 k y0rusy50 ca
101 0 _arus
102 _aRU
105 _ay|||z|||000zy
181 0 _ai4
_bab2e
182 0 _an
200 1 _aЭтническая идентичность в системе социальной безопасности локальных сообществ
_eмонография
_fМ. А. Игошева
_gответственный редактор - доктор философских наук, профессор К. В. Воденко
203 _aТекст
_bвизуальный
_cнепосредственный
210 _aРостов-на-Дону
_cФонд науки и образования
_d2021
215 _a289, [1] с.
_d21
320 _aБиблиогр. в подстроч. примеч.
606 1 _aИдентичность этническая
_xКультурологические исследования
_2nlr_sh2
_3RU\NLR\AUTH\6601629623
606 1 _aИдентичность этническая
_yРоссийская Федерация
_2nlr_sh1
_2nlr_sh2
_3RU\NLR\AUTH\661386295
686 1 _aС550.67
686 1 _aС550.35
686 1 _aТ3(0)63-56
686 1 _aТ3(0)63-72
686 1 _aТ3(2)74-36
686 1 _aТ3(2)74-72
700 1 _aИгошева
_bМ. А.
_gМарина Анатольевна
942 _cBOOK
980 _aNB